Kansas City Chiefs: Top 10 All-Time Leaders - Statistics

General Stats
  • This quiz has been taken 151 times
    86 since last reset
  • The average score is 22 of 60
Answer Stats
Category # Player Amount % Correct
Passing Yards 1 Patrick Mahomes 32,797
100%
Receiving Yards 1 Travis Kelce 12,259
100%
Passing Yards 4 Alex Smith 17,608
93%
Receiving Yards 5 Tyreek Hill 6,630
89%
Tackles 7 Neil Smith 503
86%
Sacks 3 Neil Smith 85.5
86%
Sacks 4 Chris Jones 80.5
82%
Passing Yards 2 Len Dawson 28,507
82%
Receiving Yards 2 Tony Gonzalez 10,940
80%
Rushing Yards 1 Jamaal Charles 7,260
79%
Tackles 3 Derrick Thomas 599
75%
Sacks 1 Derrick Thomas 126.5
75%
Interceptions 1 Emmitt Thomas 58
72%
Rushing Yards 10 Kareem Hunt 2,926
69%
Rushing Yards 2 Priest Holmes 6,070
69%
Interceptions 6 Bobby Hunt 37
66%
Rushing Yards 3 Larry Johnson 6,015
61%
Tackles 1 Derrick Johnson 941
59%
Passing Yards 3 Trent Green 21,459
55%
Rushing Yards 4 Christian Okoye 4,897
49%
Receiving Yards 4 Dwayne Bowe 7,155
49%
Passing Yards 9 Matt Cassel 9,549
46%
Rushing Yards 7 Marcus Allen 3,698
45%
Passing Yards 8 Elvis Grbac 10,643
38%
Sacks 5 Justin Houston 78.5
38%
Receiving Yards 3 Otis Taylor 7,306
35%
Interceptions 10 Bobby Bell 26
31%
Sacks 9 Mike Bell 52.0
30%
Tackles 10 Tamba Hali 460
27%
Sacks 2 Tamba Hali 89.5
27%
Passing Yards 6 Steve DeBerg 11,873
24%
Sacks 10 Aaron Brown 51.0
21%
Passing Yards 5 Bill Kenney 17,277
20%
Receiving Yards 8 Stephone Paige 6,341
20%
Sacks 7 Buck Buchanan 70.5
18%
Interceptions 9 Willie Lanier 27
18%
Interceptions 2 Johnny Robinson 57
17%
Passing Yards 10 Steve Bono 6,489
17%
Tackles 5 Albert Lewis 555
15%
Interceptions 5 Albert Lewis 38
15%
Tackles 4 Donnie Edwards 592
15%
Interceptions 3 Deron Cherry 50
13%
Receiving Yards 10 Eddie Kennison 5,230
13%
Rushing Yards 8 Mike Garrett 3,246
11%
Receiving Yards 7 Carlos Carson 6,360
8%
Passing Yards 7 Mike Livingston 11,295
8%
Rushing Yards 6 Abner Haynes 3,814
7%
Rushing Yards 5 Ed Podolak 4,451
4%
Receiving Yards 6 Henry Marshall 6,545
4%
Sacks 6 Art Still 74.0
3%
Receiving Yards 9 Chris Burford 5,505
3%
Rushing Yards 9 Curtis McClinton 3,124
3%
Interceptions 4 Gary Barbaro 39
3%
Tackles 6 Greg Wesley 509
3%
Interceptions 8 Greg Wesley 29
3%
Sacks 8 Jerry Mays 65.5
3%
Tackles 8 Dan Saleaumua 477
1%
Tackles 2 Kevin Ross 827
1%
Interceptions 7 Kevin Ross 30
1%
Tackles 9 Tracy Simien 470
1%
No matching quizzes found
Score Distribution
Percent of People with Each Score
Percentile by Number Answered
Your Score History
You have not taken this quiz since the last reset